01169nam a22001697a 4500003000900000005001700009008004100026040001300067110009200080245019500172260004800367300004000415500028900455650006400744651006000808856013100868BR-ViAPE20260511112108.0260511s1923 por gss|||f001 0 por d cBR-ViAPE aMinistério da Agricultura, Indústria e ComérciobDiretoria Geral de Estatística aRecenseamento do Brasil, realizado em 1 de setembro de 1920: brelação dos proprietários dos estabelecimentos rurais recenseados no Estado do Espírito Santo - Cachoeiro do Itapemirim aRio de JaneirobTyp. da Estatísticac1923 a39 p.bDocumento digitalizado (PDF) aDocumento integrante do Recenseamento do Brasil de 1920, contendo levantamento estatístico e nominal de estabelecimentos rurais do município de Cacheiro do Itapemirim (ES).aDocumento digitalizado do acervo institucional do Arquivo Público do Estado do Espírito Santo - APEES. aPropriedade ruralxHistóriazCachoeiro do Itapemirim (ES) aCachoeiro de Itapemirim (ES)zEspírito Santo (Brasil) uhttps://ape.es.gov.br/Media/ape/PDF/Recenseamento/Recenseamento_1920_Cach_Itapemirim.pdfyCLIQUE AQUI PARA ACESSAR O DOCUMENTO